¿Español o inglés? - Estadísticas

Estadísticas generales
  • Esta prueba ha sido intentada 58 veces
  • La puntuación promedio es 18 de 25
Estadísticas de respuestas
Hint Respuesta % Correcto
Saluda con 'Hola' Español
96%
Tiene muchas palabras con acentos ortográficos Español
84%
También conocido como castellano Español
84%
Los sustantivos son masculinos o femeninos Español
82%
Hablado en la mayoría de los países de América Latina Español
82%
El idioma más común en Internet Inglés
82%
Usa la terminación '-teen' para los números 13 a 19 Inglés
82%
Escribe con mayúscula los días de la semana y los meses Inglés
80%
Idioma de Shakespeare Inglés
78%
Permite el subjuntivo en muchas situaciones Español
76%
No tiene un organismo regulador oficial Inglés
76%
Una lengua romance Español
74%
Los adjetivos normalmente van antes de los sustantivos Inglés
72%
Es fonética Español
70%
Aproximadamente el 8 % de sus palabras provienen del árabe Español
70%
La lengua franca global Inglés
66%
El idioma principal de JetPunk Inglés
66%
El idioma de este quiz Español
64%
Usa signos de puntuación invertidos Español
62%
Tiene más hablantes no nativos que nativos Inglés
62%
Cada verbo tiene una docena o más de formas Español
60%
Hablado como segunda lengua por más de mil millones de personas Inglés
60%
Segundo idioma más hablado nativamente después del mandarín Español
48%
Tiene 26 letras Inglés
48%
A menudo requiere un pronombre sujeto Inglés
28%
No se encontraron pruebas coincidentes
Distribución de puntuación
Porcentaje de gente con cada puntuación
Porcentaje por número respondido
Historial de tus puntuaciones
No has intentado esta prueba.